Y seréis como dioses
Guardado en:
| Autor principal: | |
|---|---|
| Formato: | Libro |
| Lenguaje: | español |
| Publicado: |
Barcelona
Paidós
1981
|
| Colección: | Paidós studio
|
| Materias: | |
| Etiquetas: |
Agregar Etiqueta
Sin Etiquetas, Sea el primero en etiquetar este registro!
|
MARC
| LEADER | 00000nam a2200000 a 4500 | ||
|---|---|---|---|
| 001 | UCY6887 | ||
| 003 | CL-VaPUC | ||
| 008 | 950602e19810000SP |||||||||||||||||spa|d | ||
| 082 | 0 | 4 | |a 230.1 |b FRO |2 21 |
| 100 | 0 | |a Fromm, Erich |e author |9 315922 | |
| 245 | 1 | 0 | |a Y seréis como dioses |
| 300 | |a 203 p | ||
| 942 | |c BK | ||
| 945 | |d 19950602 00:00:00 |a mfernand | ||
| 260 | |a Barcelona |b Paidós |c 1981 | ||
| 600 | 0 | |a Dios |9 314467 | |
| 650 | 7 | |a HOMBRE |2 CL-VaPUC |9 262149 | |
| 650 | 0 | |a Historia |9 255047 | |
| 650 | 0 | |a Conceptos morales |9 310606 | |
| 650 | 0 | |a Religión |9 255164 | |
| 650 | 0 | |a Filosofía |9 223554 | |
| 650 | 0 | |a Salmos |9 319607 | |
| 583 | |a last modification |c 19950602 00:00:00 |k Rodrigo Vera | ||
| 490 | 0 | |a Paidós studio | |
| 999 | |c 234376 |d 234374 | ||